| 000 | 00741nam a2200193Ia 4500 | ||
|---|---|---|---|
| 003 | OSt | ||
| 005 | 20251115120025.0 | ||
| 008 | 210210b2008 xxu||||| |||| 00| 0 eng d | ||
| 040 | _cAL | ||
| 041 | _aKannada | ||
| 082 | _a070K NARP | ||
| 100 |
_aNARAYANA RAV (S) Ed _9142121 _dನಾರಾಯಣ ರಾವ್ (ಎಸ್) |
||
| 245 |
_aPatrikodyama mattu bhashantara: vichara sankiranadalli nidida upanyasagala sankalana _bಪತ್ರಿಕೋದ್ಯಮ ಮತ್ತು ಭಾಷಾಂತರ : ವಿಚಾರ ಸಂಕೀರ್ಣದಲ್ಲಿ ನೀಡಿದ ಉಪನ್ಯಾಸಗಳ ಸಂಕಲನ |
||
| 260 |
_aKundapura _b- _c2008 |
||
| 300 | _ax,118 | ||
| 690 |
_aJournalism _9142122 |
||
| 906 | _a062780 | ||
| 942 |
_2ddc _cBK |
||
| 999 |
_c129831 _d129831 |
||